[Event "Tenerife-chT Preferente"]
[Site "Tenerife"]
[Date "2023.02.04"]
[Round "4.3"]
[White "Molina Rodriguez, Borja"]
[Black "Perez Gutierrez, Nauzet"]
[Result "1/2-1/2"]
[WhiteElo "2132"]
[BlackElo "1976"]
[PlyCount "40"]
[EventDate "2023.01.14"]
[EventType "team-tourn"]
[EventRounds "14"]
[EventCountry "ESP"]
[SourceTitle "EXT 2024"]
[Source "ChessBase"]
[SourceDate "2023.10.10"]
[SourceVersion "1"]
[SourceVersionDate "2023.10.10"]
[SourceQuality "1"]
[WhiteTeam "Al Shah Mat Los Realejos"]
[BlackTeam "El Sauzal Libreria Barco"]
[WhiteTeamCountry "ESP"]
[BlackTeamCountry "ESP"]

1. e4 e5 2. Nf3 Nf6 3. Nxe5 d6 4. Nf3 Nxe4 5. d4 d5 6. Bd3 Bd6 7. 0-0 0-0 8. c4 c6 9. Qc2 Na6 10. a3 h6 11. cxd5 cxd5 12. Bxe4 dxe4 13. Qxe4 Re8 14. Qh4 Bf5 15. Nc3 Qxh4 16. Nxh4 Bd3 17. Rd1 Bc2 18. Rf1 Bd3 19. Rd1 Bc2 20. Rf1 Bd3 1/2-1/2

[Event "Tenerife-chT Preferente"]
[Site "Tenerife"]
[Date "2023.01.14"]
[Round "1.3"]
[White "Molina Rodriguez, Borja"]
[Black "Kraus, Oliver"]
[Result "1-0"]
[WhiteElo "2132"]
[BlackElo "1854"]
[PlyCount "74"]
[EventDate "2023.01.14"]
[EventType "team-tourn"]
[EventRounds "14"]
[EventCountry "ESP"]
[SourceTitle "EXT 2024"]
[Source "ChessBase"]
[SourceDate "2023.10.10"]
[SourceVersion "1"]
[SourceVersionDate "2023.10.10"]
[SourceQuality "1"]
[WhiteTeam "Al Shah Mat Los Realejos"]
[BlackTeam "Rey Ahogado"]
[WhiteTeamCountry "ESP"]
[BlackTeamCountry "ESP"]

1. e4 Nf6 2. e5 Nd5 3. d4 d6 4. Nf3 Bg4 5. Be2 e6 6. 0-0 Be7 7. c4 Nb6 8. h3 Bh5 9. Be3 0-0 10. Nc3 Nc6 11. exd6 cxd6 12. d5 Bxf3 13. Bxf3 Ne5 14. dxe6 Nxf3+ 15. Qxf3 fxe6 16. Qg4 Rf6 17. Rad1 Qc8 18. b3 Qc6 19. Bd4 Rg6 20. Qe4 Re8 21. Rfe1 Nc8 22. Rd2 Bd8 23. Rde2 Ba5 24. Rc1 Rf8 25. a3 a6 26. b4 Bb6 27. Qxc6 bxc6 28. c5 dxc5 29. bxc5 Ba5 30. Ne4 Rd8 31. Be5 Rd5 32. f4 Ne7 33. Rb1 Rd8 34. Kh2 Nd5 35. Rb7 h5 36. Ra7 Rc8 37. Rxa6 Bd8 1-0

[Event "Santa Cruz de Tenerife op 31st"]
[Site "Santa Cruz de Tenerife"]
[Date "2021.12.15"]
[Round "2"]
[White "Molina Rodriguez, Borja"]
[Black "Rizoev, Rifat"]
[Result "1-0"]
[WhiteElo "2147"]
[BlackElo "1727"]
[PlyCount "75"]
[EventDate "2021.12.14"]
[EventType "swiss"]
[EventRounds "9"]
[EventCountry "ESP"]
[SourceTitle "CBM 206 Extra"]
[Source "ChessBase"]
[SourceDate "2022.03.31"]
[SourceVersion "1"]
[SourceVersionDate "2022.03.31"]
[SourceQuality "1"]

1. e4 d6 2. d4 Nf6 3. Nc3 e5 4. Nf3 Nbd7 5. Bc4 Be7 6. 0-0 0-0 7. Re1 c6 8. a4 a5 9. h3 h6 10. Ba2 Qc7 11. Be3 Re8 12. Nh4 Nf8 13. Qf3 Be6 14. Nf5 Bxa2 15. Rxa2 Ng6 16. Raa1 Bf8 17. dxe5 Nxe5 18. Qg3 Ng6 19. Bd4 Nh5 20. Qg4 Nhf4 21. h4 Ne6 22. Be3 Kh7 23. f4 Ne7 24. Ng3 Ng8 25. Rf1 Nc5 26. Bxc5 dxc5 27. e5 Ne7 28. Nce4 Nd5 29. Rae1 c4 30. Kh1 Re6 31. Nf5 Rae8 32. Nfd6 Rd8 33. Nxc4 b5 34. axb5 cxb5 35. Ncd6 Bxd6 36. Nxd6 Rdxd6 37. exd6 Qxd6 38. Qf5+ 1-0

[Event "San Cristobal op 3rd"]
[Site "San Cristobal de la Laguna"]
[Date "2021.08.31"]
[Round "5"]
[White "Molina Rodriguez, Borja"]
[Black "Cuenca Jimenez, Jose Fernando"]
[Result "0-1"]
[WhiteElo "2139"]
[BlackElo "2555"]
[PlyCount "48"]
[EventDate "2021.08.28"]
[EventType "swiss"]
[EventRounds "9"]
[EventCountry "ESP"]
[SourceTitle "CBM 204 Extra"]
[Source "ChessBase"]
[SourceDate "2021.11.30"]
[SourceVersion "1"]
[SourceVersionDate "2021.11.30"]
[SourceQuality "1"]

1. e4 e6 2. d4 d5 3. Nc3 Nf6 4. Bg5 dxe4 5. Nxe4 Be7 6. Bxf6 gxf6 7. Qd2 f5 8. Nc3 a6 9. g3 c5 10. d5 e5 11. 0-0-0 Qd6 12. f4 Nd7 13. Nf3 e4 14. Ne5 Nb6 15. Be2 0-0 16. Rhg1 f6 17. Nc4 Nxc4 18. Bxc4 b5 19. Be2 Kh8 20. h3 c4 21. g4 b4 22. Nxe4 fxe4 23. Bxc4 Bd8 24. g5 Bb6 0-1

[Event "ESP-ch 86th"]
[Site "Linares"]
[Date "2021.08.23"]
[Round "8"]
[White "Molina Rodriguez, Borja"]
[Black "Moral Garcia, Serafin"]
[Result "0-1"]
[WhiteElo "2170"]
[BlackElo "2267"]
[PlyCount "50"]
[EventDate "2021.08.16"]
[EventType "swiss"]
[EventRounds "9"]
[EventCountry "ESP"]
[SourceTitle "CBM 204 Extra"]
[Source "ChessBase"]
[SourceDate "2021.11.30"]
[SourceVersion "1"]
[SourceVersionDate "2021.11.30"]
[SourceQuality "1"]

1. e4 c5 2. Nf3 e6 3. d4 cxd4 4. Nxd4 Nc6 5. Nc3 Qc7 6. Be3 a6 7. Be2 b5 8. Nxc6 Qxc6 9. e5 Bb7 10. Bf3 Qc7 11. Bxb7 Qxb7 12. 0-0 Rc8 13. Qd3 Ne7 14. Ne4 Nd5 15. c3 Qc6 16. Rad1 d6 17. Nxd6+ Bxd6 18. exd6 0-0 19. Rfe1 Rfd8 20. Bd4 Qxd6 21. Be5 Qe7 22. Qg3 f6 23. Bd4 Qf7 24. a3 e5 25. Be3 Rd7 0-1

[Event "ESP-chT CECLUB Div2"]
[Site "Linares"]
[Date "2020.08.27"]
[Round "5.3"]
[White "Molina Rodriguez, Borja"]
[Black "Yashas, Devappa"]
[Result "0-1"]
[WhiteElo "2178"]
[BlackElo "2280"]
[PlyCount "148"]
[EventDate "2020.08.24"]
[EventType "team-tourn"]
[EventRounds "6"]
[EventCountry "ESP"]
[SourceTitle "CBM 198 Extra"]
[Source "ChessBase"]
[SourceDate "2020.11.30"]
[SourceVersion "1"]
[SourceVersionDate "2020.11.30"]
[SourceQuality "1"]
[WhiteTeam "Ebano Barrio Nuevo"]
[BlackTeam "Villalba 64 Miscasa"]
[WhiteTeamCountry "ESP"]
[BlackTeamCountry "ESP"]

1. e4 Nf6 2. e5 Nd5 3. d4 d6 4. Nf3 g6 5. Bc4 Nb6 6. Bb3 Bg7 7. Qe2 d5 8. h3 Na6 9. Be3 c6 10. Nbd2 Nc7 11. 0-0 0-0 12. Nh4 e6 13. Nhf3 c5 14. dxc5 Nd7 15. Bg5 f6 16. exf6 Bxf6 17. Qe3 Bxg5 18. Nxg5 Qe7 19. c3 Nxc5 20. Rae1 b6 21. Bd1 Ba6 22. Be2 Bxe2 23. Rxe2 Rf5 24. Ngf3 Raf8 25. Nd4 R5f6 26. Nc6 Qg7 27. f3 Re8 28. Ne5 Rf5 29. Nb3 Nd7 30. Nxd7 Qxd7 31. Nd4 Rff8 32. Qe5 Nb5 33. Nxb5 Qxb5 34. Rfe1 Qc5+ 35. Kh2 Rf5 36. Qg3 Qc6 37. Re5 Kf7 38. R1e2 Rf6 39. Qf2 Qd6 40. Kg1 Rc8 41. Qe3 Qc5 42. Kf2 Rc6 43. a3 a5 44. Rd2 Qxe3+ 45. Kxe3 Rf5 46. Rxf5+ gxf5 47. f4 Kf6 48. g4 h6 49. Rg2 Rc4 50. Rd2 Re4+ 51. Kf3 Re1 52. Re2 Rf1+ 53. Kg3 b5 54. gxf5 Kxf5 55. Re5+ Kf6 56. Rh5 Kg6 57. Re5 Kf7 58. h4 a4 59. Re2 Kf6 60. Kg4 h5+ 61. Kg3 Rg1+ 62. Kf3 Rg4 63. b3 axb3 64. Rb2 Rxh4 65. Rxb3 Kf5 66. Rxb5 Rh3+ 67. Kg2 Rxc3 68. a4 Kxf4 69. Rb8 Rc2+ 70. Kh3 Ra2 71. Ra8 d4 72. a5 e5 73. a6 Ke3 74. Re8 e4 0-1

[Event "ESP-chT CECLUB Div2"]
[Site "Linares"]
[Date "2020.08.25"]
[Round "2.3"]
[White "Gutierrez Lupion, Nuria"]
[Black "Molina Rodriguez, Borja"]
[Result "0-1"]
[WhiteElo "1702"]
[BlackElo "2178"]
[PlyCount "66"]
[EventDate "2020.08.24"]
[EventType "team-tourn"]
[EventRounds "6"]
[EventCountry "ESP"]
[SourceTitle "CBM 198 Extra"]
[Source "ChessBase"]
[SourceDate "2020.11.30"]
[SourceVersion "1"]
[SourceVersionDate "2020.11.30"]
[SourceQuality "1"]
[WhiteTeam "Ceuta AD"]
[BlackTeam "Ebano Barrio Nuevo"]
[WhiteTeamCountry "ESP"]
[BlackTeamCountry "ESP"]

1. e4 c5 2. Nf3 Nc6 3. d4 cxd4 4. Nxd4 Nf6 5. Nc3 e5 6. Ndb5 d6 7. Nd5 Nxd5 8. exd5 Nb8 9. a4 Be7 10. Be2 0-0 11. 0-0 a6 12. Na3 Nd7 13. Nc4 f5 14. f4 exf4 15. Bxf4 Nb6 16. Kh1 Nxc4 17. Bxc4 Bg5 18. Qh5 Bxf4 19. Rxf4 g6 20. Qh6 Qf6 21. Re1 Bd7 22. Rh4 Rf7 23. b3 Re8 24. Rxe8+ Bxe8 25. g3 Re7 26. Kg2 Qe5 27. Qf4 b5 28. axb5 axb5 29. Bd3 Qxd5+ 30. Kf2 Bc6 31. Bf1 Re4 32. Qf3 Qc5+ 33. Kg2 Rxh4 0-1

[Event "Canarias-chT Honor"]
[Site "Spain"]
[Date "2020.07.12"]
[Round "9.3"]
[White "Molina Rodriguez, Borja"]
[Black "Amador Garcia, Ismael"]
[Result "1-0"]
[WhiteElo "2148"]
[BlackElo "2111"]
[PlyCount "87"]
[EventDate "2020.01.11"]
[EventType "team-tourn"]
[EventRounds "9"]
[EventCountry "ESP"]
[SourceTitle "EXT 2021"]
[Source "ChessBase"]
[SourceDate "2020.10.23"]
[SourceVersion "1"]
[SourceVersionDate "2020.10.23"]
[SourceQuality "1"]
[WhiteTeam "Ebano Barrio Nuevo"]
[BlackTeam "Fundacion La Caja de Canarias"]
[WhiteTeamCountry "ESP"]
[BlackTeamCountry "ESP"]

1. e4 e5 2. Nf3 Nc6 3. Bc4 Nf6 4. d3 Bc5 5. 0-0 a6 6. a3 Ba7 7. Nc3 0-0 8. Bg5 h6 9. Bh4 d6 10. Nd5 Kh7 11. Bxf6 gxf6 12. Nh4 Nd4 13. c3 c6 14. cxd4 cxd5 15. Bxd5 Bxd4 16. Qh5 Qe7 17. Rac1 Rg8 18. Qxf7+ Qxf7 19. Bxf7 Rg4 20. g3 Bxb2 21. Rc7 Rg7 22. a4 b5 23. Rb1 Bd4 24. axb5 axb5 25. Rxb5 Bh3 26. Rb1 h5 27. Bg6+ Kh6 28. Rxg7 Kxg7 29. Bf5 Bg4 30. Bxg4 hxg4 31. Nf5+ Kg6 32. Nxd4 exd4 33. Rb4 d5 34. Rxd4 dxe4 35. Rxe4 f5 36. Rf4 Ra3 37. d4 Kg5 38. Kg2 Ra2 39. h3 gxh3+ 40. Kxh3 Rd2 41. Kg2 Rd1 42. Kf3 Re1 43. Rh4 Re8 44. Rh1 1-0

[Event "Tenerife-chT Preferente 1920"]
[Site "Tenerife"]
[Date "2020.01.04"]
[Round "4.2"]
[White "Molina Rodriguez, Borja"]
[Black "Mendez Acosta, Alexander Jesus"]
[Result "1-0"]
[WhiteElo "2157"]
[BlackElo "1993"]
[PlyCount "71"]
[EventDate "2019.11.30"]
[EventType "team-tourn"]
[EventRounds "14"]
[EventCountry "ESP"]
[SourceTitle "CBM 195 Extra"]
[Source "ChessBase"]
[SourceDate "2020.05.31"]
[SourceVersion "1"]
[SourceVersionDate "2020.05.31"]
[SourceQuality "1"]
[WhiteTeam "Ebano Barrio Nuevo"]
[BlackTeam "Al Shah Mat Los Realejos"]
[WhiteTeamCountry "ESP"]
[BlackTeamCountry "ESP"]

1. e4 c5 2. Nf3 d6 3. d4 cxd4 4. Nxd4 Nf6 5. Nc3 g6 6. Be3 Bg7 7. f3 0-0 8. Qd2 Nc6 9. 0-0-0 d5 10. exd5 Nxd5 11. Nxc6 bxc6 12. Bd4 Bxd4 13. Qxd4 Qb6 14. Na4 Qa5 15. b3 Be6 16. Bc4 Rfd8 17. Qc5 Qc7 18. Bxd5 Qf4+ 19. Kb2 cxd5 20. Qd4 Qd6 21. Rhe1 Rac8 22. Rd2 Rc6 23. Re3 Rb8 24. Rc3 Rb4 25. Qe3 d4 26. Rxc6 Qxc6 27. Rxd4 Qxa4 28. Qc3 Rxd4 29. bxa4 Rxa4 30. a3 Rc4 31. Qa5 Bf5 32. c3 Rc6 33. Qxa7 Rd6 34. a4 Rd2+ 35. Ka3 Rxg2 36. a5 1-0

[Event "Santa Cruz de Tenerife op 30th"]
[Site "Santa Cruz de Tenerife"]
[Date "2019.12.26"]
[Round "8"]
[White "Fernandez Garcia, Jose Luis"]
[Black "Molina Rodriguez, Borja"]
[Result "1-0"]
[WhiteElo "2392"]
[BlackElo "2147"]
[PlyCount "105"]
[EventDate "2019.12.13"]
[EventType "swiss"]
[EventRounds "9"]
[EventCountry "ESP"]
[SourceTitle "CBM 194 Extra"]
[Source "ChessBase"]
[SourceDate "2020.03.31"]
[SourceVersion "1"]
[SourceVersionDate "2020.03.31"]
[SourceQuality "1"]

1. d4 Nf6 2. g3 d5 3. Bg2 e6 4. Nf3 Be7 5. 0-0 0-0 6. c4 dxc4 7. Qc2 b6 8. Rd1 Bb7 9. Qxc4 Nbd7 10. Nc3 c5 11. dxc5 Bxc5 12. Qh4 Qe7 13. Bf4 Rfd8 14. Na4 Nf8 15. Bg5 Ng6 16. Bxf6 gxf6 17. Qh5 Rd5 18. Rxd5 Bxd5 19. Ne1 Bxg2 20. Kxg2 Rd8 21. Nd3 Rd5 22. Qf3 Ne5 23. Nxe5 Rxe5 24. Rc1 f5 25. e3 b5 26. Nc3 Bb6 27. Ne2 Rc5 28. Rxc5 Bxc5 29. Qc6 b4 30. b3 Bd6 31. Nd4 Bc5 32. Nb5 Kg7 33. h3 h6 34. Kf3 h5 35. h4 Kg6 36. Ke2 f6 37. Qc7 Kf7 38. Kd3 a6 39. Qxe7+ Kxe7 40. Nc7 a5 41. Kc4 Bb6 42. Nb5 Kd7 43. Nd4 Bxd4 44. Kxd4 Kd6 45. f3 Kc6 46. e4 Kd6 47. exf5 exf5 48. f4 Kc6 49. Kc4 Kb6 50. Kd5 Kb5 51. Kd6 a4 52. Kd5 a3 53. Kd4 1-0

[Event "Santa Cruz de Tenerife op 30th"]
[Site "Santa Cruz de Tenerife"]
[Date "2019.12.23"]
[Round "7"]
[White "Abreu Suarez, Isauro"]
[Black "Molina Rodriguez, Borja"]
[Result "0-1"]
[WhiteElo "1941"]
[BlackElo "2147"]
[PlyCount "58"]
[EventDate "2019.12.13"]
[EventType "swiss"]
[EventRounds "9"]
[EventCountry "ESP"]
[SourceTitle "CBM 194 Extra"]
[Source "ChessBase"]
[SourceDate "2020.03.31"]
[SourceVersion "1"]
[SourceVersionDate "2020.03.31"]
[SourceQuality "1"]

1. e4 e5 2. Nf3 Nc6 3. Bc4 Bc5 4. c3 Nf6 5. b4 Be7 6. d3 0-0 7. 0-0 d5 8. exd5 Nxd5 9. Re1 Bf6 10. Bg5 Bxg5 11. Nxg5 Nf4 12. Ne4 Be6 13. Nbd2 Bxc4 14. Nxc4 Qd5 15. b5 Ne7 16. Qf3 Rad8 17. Nxe5 Qxe5 18. d4 Qf5 19. g4 Qxb5 20. Qxf4 Nd5 21. Qg5 Nxc3 22. Nf6+ Kh8 23. Re5 Qd3 24. Rc1 Ne2+ 25. Rxe2 Qxe2 26. Rxc7 Rxd4 27. h3 Rd1+ 28. Kg2 Qf1+ 29. Kg3 Rd3+ 0-1

[Event "Santa Cruz de Tenerife op 30th"]
[Site "Santa Cruz de Tenerife"]
[Date "2019.12.19"]
[Round "5"]
[White "Hidalgo Santana, Fernando"]
[Black "Molina Rodriguez, Borja"]
[Result "0-1"]
[WhiteElo "2124"]
[BlackElo "2147"]
[PlyCount "42"]
[EventDate "2019.12.13"]
[EventType "swiss"]
[EventRounds "9"]
[EventCountry "ESP"]
[SourceTitle "CBM 194 Extra"]
[Source "ChessBase"]
[SourceDate "2020.03.31"]
[SourceVersion "1"]
[SourceVersionDate "2020.03.31"]
[SourceQuality "1"]

1. c4 e5 2. Nc3 Nc6 3. g3 Bc5 4. Bg2 d6 5. Nf3 Nf6 6. 0-0 0-0 7. a3 Be6 8. b4 Bb6 9. d4 h6 10. Bb2 Qd7 11. c5 dxc5 12. b5 Nxd4 13. Nxe5 Qe8 14. Nc4 Rd8 15. Nd2 Bg4 16. Re1 Ba5 17. Kf1 Bxc3 18. Bxc3 Nd5 19. Bxd4 cxd4 20. Qb3 Qe6 21. Nf3 Ne3+ 0-1

[Event "Santa Cruz de Tenerife op 30th"]
[Site "Santa Cruz de Tenerife"]
[Date "2019.12.18"]
[Round "4"]
[White "Molina Rodriguez, Borja"]
[Black "Diaz Reyes, Killian"]
[Result "1-0"]
[WhiteElo "2147"]
[BlackElo "1730"]
[PlyCount "39"]
[EventDate "2019.12.13"]
[EventType "swiss"]
[EventRounds "9"]
[EventCountry "ESP"]
[SourceTitle "CBM 194 Extra"]
[Source "ChessBase"]
[SourceDate "2020.03.31"]
[SourceVersion "1"]
[SourceVersionDate "2020.03.31"]
[SourceQuality "1"]

1. e4 c5 2. Nf3 d6 3. d4 cxd4 4. Nxd4 Nf6 5. Nc3 g6 6. Be3 Bg7 7. f3 0-0 8. Qd2 Nc6 9. 0-0-0 d5 10. exd5 Nxd5 11. Nxc6 bxc6 12. Bd4 Qa5 13. Bxg7 Kxg7 14. Nxd5 Qxa2 15. Qc3+ f6 16. Bc4 Qa1+ 17. Kd2 Qa4 18. Ra1 Qxa1 19. Rxa1 cxd5 20. Ba6 1-0

[Event "San Cristobal de La Laguna op 2nd"]
[Site "San Cristobal de la Laguna"]
[Date "2019.09.07"]
[Round "8"]
[White "Molina Rodriguez, Borja"]
[Black "Mendez Acosta, Alexander Jesus"]
[Result "1-0"]
[WhiteElo "2166"]
[BlackElo "1967"]
[PlyCount "65"]
[EventDate "2019.08.31"]
[EventType "swiss"]
[EventRounds "9"]
[EventCountry "ESP"]
[SourceTitle "EXT 2020"]
[Source "ChessBase"]
[SourceDate "2019.10.17"]
[SourceVersion "1"]
[SourceVersionDate "2019.10.17"]
[SourceQuality "1"]

1. e4 c5 2. Nf3 d6 3. d4 cxd4 4. Nxd4 Nf6 5. Nc3 g6 6. Be3 Bg7 7. f3 0-0 8. Qd2 Nc6 9. 0-0-0 d5 10. exd5 Nxd5 11. Nxc6 bxc6 12. Bd4 Bxd4 13. Qxd4 Qb6 14. Na4 Qa5 15. b3 Be6 16. Bc4 Qb4 17. Qc5 a5 18. Rd4 Nc3 19. a3 Nxa4 20. axb4 Nxc5 21. bxc5 Bxc4 22. Rxc4 Rfd8 23. Ra4 Rd5 24. b4 Rb8 25. bxa5 Rxc5 26. Rd1 Ra8 27. a6 Rb5 28. Rd7 Rb6 29. a7 Kf8 30. Rc7 c5 31. Re4 e6 32. Rf4 f5 33. Rxh7 1-0

[Event "San Cristobal de La Laguna op 2nd"]
[Site "San Cristobal de la Laguna"]
[Date "2019.09.05"]
[Round "6"]
[White "Molina Rodriguez, Borja"]
[Black "Gil, Arthur"]
[Result "1-0"]
[WhiteElo "2166"]
[BlackElo "1953"]
[PlyCount "69"]
[EventDate "2019.08.31"]
[EventType "swiss"]
[EventRounds "9"]
[EventCountry "ESP"]
[SourceTitle "EXT 2020"]
[Source "ChessBase"]
[SourceDate "2019.10.17"]
[SourceVersion "1"]
[SourceVersionDate "2019.10.17"]
[SourceQuality "1"]

1. e4 e5 2. Nf3 Nc6 3. Bc4 Nf6 4. Ng5 d5 5. exd5 Nd4 6. c3 b5 7. Bf1 Nxd5 8. cxd4 Qxg5 9. Bxb5+ Kd8 10. 0-0 Bb7 11. Qf3 Rb8 12. dxe5 Nb4 13. d4 Qg6 14. d5 Bxd5 15. Rd1 Rxb5 16. Nc3 Qc6 17. Nxb5 Qxb5 18. Qxf7 Be7 19. Qxg7 Re8 20. Bg5 Kc8 21. Bxe7 Rg8 22. Qxg8+ Bxg8 23. Rd8+ Kb7 24. Bxb4 Bd5 25. Bc3 c6 26. Rd7+ Ka6 27. Rxh7 Qe2 28. Rg7 Kb5 29. a4+ Kc4 30. Re1 Qh5 31. e6 Qe8 32. e7 Kd3 33. h4 c5 34. h5 Bc6 35. h6 1-0

[Event "San Cristobal de La Laguna op 2nd"]
[Site "San Cristobal de la Laguna"]
[Date "2019.09.04"]
[Round "5"]
[White "Rodriguez Molina, Mario"]
[Black "Molina Rodriguez, Borja"]
[Result "0-1"]
[WhiteElo "1607"]
[BlackElo "2166"]
[PlyCount "72"]
[EventDate "2019.08.31"]
[EventType "swiss"]
[EventRounds "9"]
[EventCountry "ESP"]
[SourceTitle "EXT 2020"]
[Source "ChessBase"]
[SourceDate "2019.10.17"]
[SourceVersion "1"]
[SourceVersionDate "2019.10.17"]
[SourceQuality "1"]

1. e4 c5 2. Nc3 Nc6 3. g3 g6 4. Bg2 Bg7 5. f4 d6 6. Nf3 e6 7. d3 Nge7 8. 0-0 0-0 9. Be3 b6 10. g4 f5 11. g5 e5 12. fxe5 dxe5 13. h4 Be6 14. Qd2 Qd7 15. Kh2 Rad8 16. Rad1 Nd4 17. Ne2 fxe4 18. dxe4 Bc4 19. Bxd4 exd4 20. Bh3 Be6 21. Bxe6+ Qxe6 22. Ng3 Nc6 23. Qg2 Ne5 24. Nxe5 Bxe5 25. Rxf8+ Rxf8 26. Rf1 Rxf1 27. Qxf1 Qd6 28. Qf3 c4 29. Qg4 Kf7 30. Kg2 d3 31. Nf5 gxf5 32. Qxf5+ Kg8 33. Qc8+ Kg7 34. h5 h6 35. g6 dxc2 36. Qf5 Bf6 0-1

[Event "San Cristobal de La Laguna op 2nd"]
[Site "San Cristobal de la Laguna"]
[Date "2019.09.02"]
[Round "3"]
[White "Molina Rodriguez, Borja"]
[Black "Perez Garcia, Jimena"]
[Result "1/2-1/2"]
[WhiteElo "2166"]
[BlackElo "1705"]
[PlyCount "97"]
[EventDate "2019.08.31"]
[EventType "swiss"]
[EventRounds "9"]
[EventCountry "ESP"]
[SourceTitle "EXT 2020"]
[Source "ChessBase"]
[SourceDate "2019.10.17"]
[SourceVersion "1"]
[SourceVersionDate "2019.10.17"]
[SourceQuality "1"]

1. e4 c5 2. Nf3 d6 3. d4 cxd4 4. Nxd4 Nf6 5. Nc3 g6 6. Be3 Bg7 7. f3 Nc6 8. Qd2 Bd7 9. 0-0-0 h5 10. Kb1 Rc8 11. Be2 Na5 12. h3 h4 13. Bg5 Nc4 14. Bxc4 Rxc4 15. Qd3 Qc8 16. Nce2 a5 17. Rhf1 Rh5 18. Be3 a4 19. b3 Rc7 20. f4 Rhc5 21. e5 dxe5 22. fxe5 Nd5 23. e6 Bxe6 24. Nxe6 Qxe6 25. Bxc5 Rxc5 26. Nd4 Bxd4 27. Qxd4 Nc3+ 28. Ka1 Nxd1 29. Qxc5 Ne3 30. Rc1 Nd5 31. Qd4 axb3 32. cxb3 Qe3 33. Qxe3 Nxe3 34. Rc7 Nxg2 35. Rxb7 f5 36. a4 f4 37. a5 f3 38. a6 f2 39. a7 f1Q+ 40. Kb2 Qe2+ 41. Kc3 Qe1+ 42. Kb2 Qe5+ 43. Kc1 Qc3+ 44. Kb1 Qe1+ 45. Kb2 Qd2+ 46. Kb1 Qd3+ 47. Kb2 Qd2+ 48. Kb1 Qd3+ 49. Kb2 1/2-1/2

[Event "Canarias-chT"]
[Site "Vecindario"]
[Date "2019.06.14"]
[Round "2.2"]
[White "Guillermo Gonzalez, Alvaro"]
[Black "Molina Rodriguez, Borja"]
[Result "1/2-1/2"]
[WhiteElo "2023"]
[BlackElo "2152"]
[PlyCount "63"]
[EventDate "2019.06.13"]
[EventType "team-swiss"]
[EventRounds "6"]
[EventCountry "ESP"]
[SourceTitle "EXT 2020"]
[Source "ChessBase"]
[SourceDate "2019.10.17"]
[SourceVersion "1"]
[SourceVersionDate "2019.10.17"]
[SourceQuality "1"]
[WhiteTeam "CajaCanarias"]
[BlackTeam "Guia"]
[WhiteTeamCountry "ESP"]
[BlackTeamCountry "ESP"]

1. e4 c5 2. Nf3 Nc6 3. d4 cxd4 4. Nxd4 Nf6 5. Nc3 e5 6. Ndb5 d6 7. Bg5 a6 8. Na3 Be6 9. Nc4 Rb8 10. a4 Nb4 11. Ne3 Be7 12. Bxf6 Bxf6 13. Ncd5 Nxd5 14. Nxd5 Bg5 15. Bc4 Rc8 16. Qd3 0-0 17. 0-0 Kh8 18. Bb3 Rc5 19. Rad1 Qa5 20. Ne3 Be7 21. Qd2 Qxd2 22. Rxd2 Rfc8 23. Rfd1 g6 24. f3 Kg7 25. Kf2 R8c6 26. Bd5 Bxd5 27. Rxd5 Rxd5 28. Rxd5 Bg5 29. c3 Bxe3+ 30. Kxe3 Kf6 31. g3 Ke6 32. Kd3 1/2-1/2

[Event "Tenerife-ch"]
[Site "Tenerife"]
[Date "2019.04.25"]
[Round "8"]
[White "Martinez Rojas, Carlos Jose"]
[Black "Molina Rodriguez, Borja"]
[Result "0-1"]
[WhiteElo "2052"]
[BlackElo "2070"]
[PlyCount "98"]
[EventDate "2019.04.03"]
[EventType "tourn"]
[EventRounds "9"]
[EventCountry "ESP"]
[SourceTitle "CBM 190 Extra"]
[Source "ChessBase"]
[SourceDate "2019.07.15"]
[SourceVersion "1"]
[SourceVersionDate "2019.07.15"]
[SourceQuality "1"]

1. e4 e5 2. Nc3 Nf6 3. f4 d5 4. fxe5 Nxe4 5. Qf3 f5 6. d3 Nxc3 7. bxc3 d4 8. c4 Nc6 9. Qg3 Be6 10. Bg5 Qd7 11. Be2 Bb4+ 12. Kf2 h6 13. Bh5+ Bf7 14. Bxf7+ Qxf7 15. Bf4 g5 16. Bc1 f4 17. Qf3 0-0-0 18. Qg4+ Kb8 19. Nf3 Rhe8 20. Rb1 Bc3 21. Rb5 a6 22. Rc5 Nb4 23. h4 Qe7 24. Rd5 Nxd5 25. cxd5 Rxd5 26. hxg5 hxg5 27. Qf5 Rxe5 28. Nxe5 Qxe5 29. Qxe5 Rxe5 30. Rh8+ Ka7 31. Rh7 Kb6 32. Rh6+ Kb5 33. Rh7 Rc5 34. Re7 Bb4 35. Re2 Ka4 36. Kf3 a5 37. Ke4 Bc3 38. Rf2 Rb5 39. Re2 c6 40. Rf2 Rb1 41. Bd2 Ka3 42. Bxc3 dxc3 43. Kd4 Kb2 44. g3 fxg3 45. Rg2 Ra1 46. Rxg3 Rxa2 47. Rg2 Ra4+ 48. Ke3 Rb4 49. d4 a4 0-1

[Event "Tenerife-ch"]
[Site "Tenerife"]
[Date "2019.04.10"]
[Round "4"]
[White "Molina Rodriguez, Borja"]
[Black "Hernandez Leon, Alberto"]
[Result "1/2-1/2"]
[WhiteElo "2070"]
[BlackElo "2280"]
[PlyCount "111"]
[EventDate "2019.04.03"]
[EventType "tourn"]
[EventRounds "9"]
[EventCountry "ESP"]
[SourceTitle "CBM 190 Extra"]
[Source "ChessBase"]
[SourceDate "2019.07.15"]
[SourceVersion "1"]
[SourceVersionDate "2019.07.15"]
[SourceQuality "1"]

1. e4 c5 2. Nf3 d6 3. d4 cxd4 4. Nxd4 Nf6 5. Nc3 a6 6. h4 e5 7. Nb3 Be6 8. f4 exf4 9. Bxf4 Nc6 10. Qd2 d5 11. 0-0-0 Bb4 12. Bg5 Nxe4 13. Qe3 Nxc3 14. Bxd8 Nxd1 15. Kxd1 Rxd8 16. Bd3 0-0 17. Kc1 Rfe8 18. Qb6 d4 19. a3 Bd6 20. Nc5 Bxc5 21. Qxc5 Bd5 22. Rd1 Re5 23. Qb6 Rd7 24. b4 Bxg2 25. a4 g6 26. Bc4 Bd5 27. Bxd5 Rexd5 28. c4 R5d6 29. c5 Rd5 30. b5 axb5 31. axb5 Ne5 32. c6 bxc6 33. bxc6 R7d6 34. Qb8+ Kg7 35. c7 Rc6+ 36. Kb1 Rdc5 37. Rxd4 Rxc7 38. Qb2 f6 39. Rd6 h5 40. Rb6 Rc1+ 41. Qxc1 Rxc1+ 42. Kxc1 g5 43. hxg5 fxg5 44. Kd1 h4 45. Ke2 g4 46. Kf2 Kf7 47. Kg2 Nd3 48. Rh6 Nf4+ 49. Kg1 Ng6 50. Rh5 Kf6 51. Ra5 Ne5 52. Kg2 Nf3 53. Ra8 Ng5 54. Rh8 Nf3 55. Rf8+ Kg5 56. Rxf3 1/2-1/2